• 首页
  • 本馆介绍
  • 公告通知
  • 最新文献
  • 馆藏检索
  • 电子资源
  • 读者导购
  • 参考咨询
  • 我的图书馆
  • 登录
  • 详细信息显示
  • 放入我的书架
  • 预约/预借图书
  • 作者相关作品
  • 分类相关作品
  • 丛书相关作品
  • 出版社相关作品

书目信息

  • 表格格式
  • 工作单格式
  • 卡片格式
题名:
徽州 山水村落
    
 
作者: 曹上秋 , 周国宝 著
分册:  
出版信息: 南京   江苏科学技术出版社  2013
页数: 208页
开本: 21cm
丛书名: 中国古建筑之旅
单 册:
中图分类: K928.715.4
科图分类:
主题词: 村落--Cun Luo--古建筑--介绍--徽州地区
电子资源:
ISBN: 978-7-5537-1466-0
000 01118nam0 22002771 450
001 350496
005 20161013164927.82
010    @a978-7-5537-1466-0@dCNY39.80
100    @a20131129d2013 em y0chiy50 ea
101 0  @achi
102    @aCN@b320000
105    @aab z 000yy
106    @ar
200 1  @a徽州 山水村落@AHui Zhou Shan Shui Cun Luo@e繁荣徽文化留下的最后物证@f曹上秋,周国宝著
210    @a南京@c江苏科学技术出版社@d2013
215    @a208页@c图,地图@d21cm
225 2  @a中国古建筑之旅@AZhong Guo Gu Jian Zhu Zhi Lv
330    @a本书先从天人合一的人居理念、祠堂是徽州古村的核心、民居的建筑布局和装饰、文房四宝和徽派文化四个方面对徽州古村落作了解读;然后重点介绍了歙县、黟县、绩溪、婺源四县的20个古村,囊括古村的方方面面。
461  0 @12001 @a中国古建筑之旅
517 1  @a繁荣徽文化留下的最后物证@AFan Rong Hui Wen Hua Liu Xia De Zui Hou Wu Zheng
606 0  @a村落@ACun Luo@x古建筑@x介绍@y徽州地区
690    @aK928.715.4@v5
701  0 @a曹上秋@ACao Shang Qiu@4著
701  0 @a周国宝@AZhou Guo Bao@c(图书编辑)@4著
801  0 @aCN@bTANGWEI@c20160804
905    @b0890325-9@dK928.715.4@e910@f5
    
    徽州 山水村落:繁荣徽文化留下的最后物证/曹上秋,周国宝著 .-南京:江苏科学技术出版社,2013
    208页:图,地图;21cm.-(中国古建筑之旅)
    
    
    ISBN 978-7-5537-1466-0:CNY39.80
    本书先从天人合一的人居理念、祠堂是徽州古村的核心、民居的建筑布局和装饰、文房四宝和徽派文化四个方面对徽州古村落作了解读;然后重点介绍了歙县、黟县、绩溪、婺源四县的20个古村,囊括古村的方方面面。
●
相关链接 在E读中查询图书 在五车中查询图书 在当当中查询图书 在豆瓣中查询图书


正题名:徽州 山水村落     索取号:K928.715.4/910         预约/预借

序号 登录号 条形码 馆藏地/架位号 状态 备注
1 0890325   208903258   第二样本阅览室/ [索取号:K928.715.4/910] 在馆    
2 0890326   208903267   第二借阅区/ [索取号:K928.715.4/910] 在馆    
3 0890327   208903276   第二借阅区/ [索取号:K928.715.4/910] 在馆    
4 0890328   208903285   第二借阅区/ [索取号:K928.715.4/910] 在馆    
5 0890329   208903294   第二借阅区/ [索取号:K928.715.4/910] 在馆    
唐山师范学院图书馆 欢迎您!
大连网信软件有限公司© 版权所有